| 000 | 01026nam0a22002531 4500 | ||
|---|---|---|---|
| 001 | rc\2724263 | ||
| 005 | 20260406073242.0 | ||
| 035 | _a(NLR Aleph) 006851817 | ||
| 090 |
_a6755062 _c6755062 |
||
| 100 | _a20110915d1938 u y0rusy50 ca | ||
| 101 | 0 | _arus | |
| 102 | _aRU | ||
| 105 | _ay z |||a| | ||
| 200 | 1 |
_aКот в самолете [и другие рассказы] _eДля младш. возраста _fРис. и обл. Г. Шевякова |
|
| 210 |
_aМосква _aЛенинград _cДетиздат _d1938 _eЛенинград _gТип. им. К. Ворошилова |
||
| 215 |
_a96 с. _d22 см. |
||
| 700 | 1 |
_8rus _7ca _aУспенский _bЛ. В. _cписатель _f1900-1978 _gЛев Васильевич _3RU\NLR\AUTH\7731241 _914251 |
|
| 702 | 1 |
_4440 _7ca _8rus _aШевяков _bГ. Р. _f1905-1982 _gГригорий Романович _9268515 _3RU\NLR\AUTH\770268571 |
|
| 801 | 0 |
_aRU _bNLR _gpsbo |
|
| 801 | 1 |
_aRU _bELAR _2rusmarc |
|
| 852 |
_aNLR _j38-11/504 |
||
| 942 | _cBOOK | ||
| 980 | _aNB | ||